<?xml version="1.0" encoding="UTF-8"?>
<collection xmlns="http://www.loc.gov/MARC21/slim">
 <record>
  <leader>00419pamaa2200145   4500</leader>
  <controlfield tag="001">0000032519</controlfield>
  <controlfield tag="005">20100420090000.0</controlfield>
  <datafield tag="020" ind1="0" ind2="0">
   <subfield code="a">1861003811 </subfield>
  </datafield>
  <datafield tag="082" ind1=" " ind2=" ">
   <subfield code="a">005.4469 WRI</subfield>
  </datafield>
  <datafield tag="090" ind1="0" ind2="0">
   <subfield code="a">QA76.9.U83 </subfield>
   <subfield code="b">WRI 2000</subfield>
  </datafield>
  <datafield tag="100" ind1="1" ind2="0">
   <subfield code="a">WRIGHT </subfield>
  </datafield>
  <datafield tag="245" ind1="1" ind2="0">
   <subfield code="a">Beginning GTK+/GNOME programming  </subfield>
   <subfield code="c">Peter Wright.</subfield>
  </datafield>
  <datafield tag="260" ind1="0" ind2="0">
   <subfield code="a">Birmingham;United Kingdom: </subfield>
   <subfield code="b">Wrox Press Ltd., </subfield>
   <subfield code="c">2000.</subfield>
  </datafield>
  <datafield tag="300" ind1=" " ind2=" ">
   <subfield code="a">xi, 613p.; </subfield>
   <subfield code="c">23cm.</subfield>
  </datafield>
  <datafield tag="650" ind1="0" ind2="0">
   <subfield code="a">GTK+/GNOME (Computer Programming} </subfield>
  </datafield>
 </record>
</collection>
